000
00313nam a2200121Ia 4500
008
220217s9999||||xx |||||||||||||| ||und||
082
_a
410 CSR
100
_a
CSR
245
0
_a
Test of reasoning (Verbal)
260
_a
Sudha publication
_b
New Delhi
_c
2005
300
_b
95
650
_a
EXAM BOOKS/GRE/CAT/GATE
999
_c
175703
_d
175703